Inter Milan all time xi - Statistics

General Stats
  • This quiz has been taken 118 times
    26 since last reset
  • The average score is 4 of 11
Answer Stats
Hint Answer % Correct
MF(argentina) Javier Zanetti
90%
FW(Argentina) Lautaro Martinez
71%
DF(Colombia) Iván Córdoba
52%
DF(Italy) Marco Materazzi
48%
FW(Italy) Giuseppe Meazza
38%
DF(Italy) Giacinto Facchetti
29%
FW(Italy) Cristian Vieri
24%
DF(Italy) Giuseppe Bergomi
19%
MF(Spain) Luis suárez
19%
GK(Italy) Walter Zenga
19%
MF(Italy) Alessandro Mazzola
14%
No matching quizzes found
Score Distribution
Percent of People with Each Score
Percentile by Number Answered
Your Score History
You have not taken this quiz since the last reset